000 00625nam a22002177a 4500
003 UA-OsUOA
001 85945
007 ta
008 20120723b un ||||| |||| 00| 0 ukr d
100 _aСлижук О.
090 _a82
_bС47
942 _cSA
040 _aUA-OsUOA
_bukr
_cUA-OsUOA
_dUA-OsUOA
245 _aРеформування літературної освіти в Україні - потреба нового тисячоліття
300 _aС.37-39
955 _a0
041 _aukr
080 _a82
773 0 _w85944
650 7 _a82 Література. Літературознавство
_2UDC
999 _c372250
_d372250